En el ocaso de mi vida /

Պահպանված է:
Մատենագիտական մանրամասներ
Հիմնական հեղինակ: Vasconcelos, José (autor)
Ձևաչափ: Գիրք
Լեզու:իսպաներեն
Շարք:(Populibros La Prensa ; 13)
Խորագրեր:
Ցուցիչներ: Ավելացրեք ցուցիչ
Չկան պիտակներ, Եղեք առաջինը, ով նշում է այս գրառումը!

MARC

LEADER 00000nam^a2200000^a^4500
001 000064428
005 20250521000000.0
009 20260310091102.434
037 |a Acervo ITESO - Biblioteca 
041 |a ESP 
082 |a 199. 72  |b VAS 
100 |a Vasconcelos, José  |e (autor) 
245 1 0 |a En el ocaso de mi vida /  |c J. Vasconcelos. 
264 |a México :  |b La Prensa,  |c 1957 
300 |a XXVIII, 289 p. 
336 |a texto  |b txt  |2 rdacontenido 
337 |a sin mediación  |b n  |2 rdamedio 
338 |a volumen  |b nc  |2 rdasoporte 
440 1 |a (Populibros La Prensa ;  |v 13) 
649 |a XX 
650 |a Filósofos Mexicanos 
650 |a Humanismo 
650 |a Filosofía -  |z México 
650 |a Filosofía Moderna 
910 |a Fondo General 
920 |a Impresos - Libros 
930 |a Colección General 
905 |a 101 
901 |a 0500017571  |b IT1  |c ACC  |u 20250521 
902 |a https://opac.biblio.iteso.mx/vufind/Record/000064428